| 000 | 00507nam a22001817a 4500 | ||
|---|---|---|---|
| 999 |
_c524018 _d524018 |
||
| 003 | NUST | ||
| 020 | _a9698082174 | ||
| 038 | _azafar iqbal | ||
| 082 |
_a891.421 _bMAQ |
||
| 100 |
_aMaqbool, Mian Jafar _914843 |
||
| 245 |
_aNaam Aali Tera : _bNaatan / _cMian Jafar Maqbool |
||
| 260 |
_aGujranwala : _bNadeem Prince Printers, _c2000. |
||
| 300 | _a112 p. ; | ||
| 500 | _aHardcover. | ||
| 880 |
_6100-02\r _aمیاں ظفر مقبول |
||
| 880 |
_6245-02\r _aنام عالی تیرا / |
||
| 942 |
_2ddc _cBK |
||